[Event "BL2 Ost 1516 (Women)"]
[Site "Germany"]
[Date "2015.09.27"]
[Round "2.3"]
[White "Reinkens, Natalia"]
[Black "Neumeyer, Hannelore"]
[Result "0-1"]
[WhiteElo "1823"]
[BlackElo "1983"]
[PlyCount "88"]
[EventDate "2015.09.26"]
[EventType "team-tourn"]
[EventRounds "7"]
[EventCountry "GER"]
[SourceTitle "EXT 2017"]
[Source "ChessBase"]
[SourceDate "2016.10.25"]
[SourceVersion "1"]
[SourceVersionDate "2016.10.25"]
[SourceQuality "1"]
[WhiteTeam "Hamburger SK (W) II"]
[BlackTeam "Leipzig Lindenau (W)"]
[WhiteTeamCountry "GER"]
[BlackTeamCountry "GER"]

1. e4 c6 2. d4 d5 3. e5 Bf5 4. Ne2 e6 5. Ng3 Bg6 6. h4 h6 7. h5 Bh7 8. Bd3 Bxd3 9. Qxd3 Qa5+ 10. c3 Qa6 11. Qc2 c5 12. Ne2 Nc6 13. 0-0 cxd4 14. cxd4 Nb4 15. Qd2 Rc8 16. Nbc3 Ne7 17. Ng3 Nec6 18. Rd1 Na5 19. Qe2 Qxe2 20. Ngxe2 Kd7 21. Be3 Nc4 22. Rab1 Be7 23. a3 Nc6 24. Na4 b6 25. Rbc1 N6a5 26. Rc3 Nxe3 27. Rxe3 Nc4 28. Rg3 Rhg8 29. Rc1 Nd2 30. Rgc3 Ne4 31. R3c2 Rxc2 32. Rxc2 Rc8 33. Nac3 Nxc3 34. Rxc3 Rxc3 35. Nxc3 Bg5 36. Ne2 Bd2 37. a4 Kc6 38. Nc3 Bxc3 39. bxc3 b5 40. a5 b4 41. cxb4 Kb5 42. Kf1 Kxb4 43. Ke2 Kxa5 44. Kd3 Kb4 0-1

[Event "GER-chT Federal Cup (Women)"]
[Site "Braunfels"]
[Date "2015.06.04"]
[Round "1.4"]
[White "Reinkens, Natalia"]
[Black "Rempel, Yana"]
[Result "1/2-1/2"]
[WhiteElo "1756"]
[BlackElo "1987"]
[PlyCount "144"]
[EventDate "2015.06.04"]
[EventType "team-swiss"]
[EventRounds "5"]
[EventCountry "GER"]
[SourceTitle "CBM 167 Extra"]
[Source "ChessBase"]
[SourceDate "2015.09.14"]
[SourceVersion "1"]
[SourceVersionDate "2015.09.14"]
[SourceQuality "1"]
[WhiteTeam "Hamburg (W)"]
[BlackTeam "Wuerttemberg (W)"]
[WhiteTeamCountry "GER"]
[BlackTeamCountry "GER"]

1. e4 c5 2. Nf3 g6 3. d4 cxd4 4. Nxd4 Bg7 5. Nc3 Nc6 6. Be3 Nf6 7. f3 0-0 8. Qd2 d5 9. Nxc6 bxc6 10. e5 Nd7 11. f4 Qa5 12. h4 Rb8 13. b3 f6 14. Na4 Qxd2+ 15. Kxd2 fxe5 16. fxe5 Bxe5 17. Re1 Bg3 18. Rd1 Bf4 19. Bd3 Bxe3+ 20. Kxe3 e5 21. Be2 Nf6 22. Nc5 Ng4+ 23. Bxg4 Bxg4 24. Rdf1 Bf5 25. a4 Rb4 26. Kd2 Rg4 27. Rf2 Rg3 28. Rhf1 Rb8 29. Na6 Rb6 30. Nc7 Kf7 31. h5 Ke7 32. hxg6 Bxg6 33. a5 Rb4 34. Na6 Rbg4 35. Nb8 Be8 36. Rf6 Rxg2+ 37. Kc3 R2g3+ 38. Kb2 Rg6 39. R6f5 R3g5 40. Rf8 Rg8 41. R8f6 R8g6 42. Rf8 Rg8 43. R8f6 R5g6 44. R6f5 e4 45. Na6 Rg5 46. R5f4 h5 47. c4 Rg4 48. Rf5 R8g5 49. cxd5 cxd5 50. Nc7 Rxf5 51. Rxf5 Bf7 52. Nxd5+ Ke6 53. Rf6+ Kxd5 54. Rxf7 Rg2+ 55. Kc3 Rg3+ 56. Kc2 a6 57. Rf5+ Kd4 58. Rxh5 Rg2+ 59. Kd1 e3 60. Rh8 Kc3 61. Re8 e2+ 62. Rxe2 Rxe2 63. Kxe2 Kxb3 64. Kd2 Kb4 65. Kc2 Kxa5 66. Kb2 Kb4 67. Ka2 a5 68. Kb2 a4 69. Ka2 a3 70. Ka1 Kb3 71. Kb1 a2+ 72. Ka1 Ka3 1/2-1/2

[Event "GER-chT Federal Cup (Women)"]
[Site "Braunfels"]
[Date "2014.06.22"]
[Round "5.5"]
[White "Weinmann, Helene"]
[Black "Reinkens, Natalia"]
[Result "0-1"]
[WhiteElo "1500"]
[BlackElo "1692"]
[PlyCount "58"]
[EventDate "2014.06.19"]
[EventType "team-swiss"]
[EventRounds "5"]
[EventCountry "GER"]
[SourceTitle "EXT 2015"]
[Source "ChessBase"]
[SourceDate "2014.11.20"]
[SourceVersion "1"]
[SourceVersionDate "2014.11.20"]
[SourceQuality "1"]
[WhiteTeam "Saarland (W)"]
[BlackTeam "Hamburg (W)"]
[WhiteTeamCountry "GER"]
[BlackTeamCountry "GER"]

1. d4 d5 2. Nf3 Nf6 3. c3 Bf5 4. e3 e6 5. Bd3 Bg4 6. Be2 Bd6 7. Nbd2 Nbd7 8. h3 Bh5 9. c4 c6 10. c5 Bc7 11. 0-0 0-0 12. Nb3 e5 13. Bd2 Re8 14. Re1 e4 15. Nh2 Bxe2 16. Qxe2 h6 17. Rac1 Nh7 18. f4 exf3 19. Qxf3 Ng5 20. Qf1 Ne4 21. Nf3 Ndf6 22. Bc3 Ng3 23. Qd3 Nfe4 24. Nbd2 Qf6 25. Nf1 Qg6 26. Qc2 Re6 27. Nxg3 Qxg3 28. Ne5 Ng5 29. Qf2 Nxh3+ 0-1

[Event "GER-chT Federal Cup (Women)"]
[Site "Braunfels"]
[Date "2014.06.20"]
[Round "2.5"]
[White "Eggert, Daniela"]
[Black "Reinkens, Natalia"]
[Result "0-1"]
[WhiteElo "1456"]
[BlackElo "1692"]
[PlyCount "106"]
[EventDate "2014.06.19"]
[EventType "team-swiss"]
[EventRounds "5"]
[EventCountry "GER"]
[SourceTitle "EXT 2015"]
[Source "ChessBase"]
[SourceDate "2014.11.20"]
[SourceVersion "1"]
[SourceVersionDate "2014.11.20"]
[SourceQuality "1"]
[WhiteTeam "Mecklenburg Vorpommern (W)"]
[BlackTeam "Hamburg (W)"]
[WhiteTeamCountry "GER"]
[BlackTeamCountry "GER"]

1. e4 c5 2. Nf3 d6 3. d4 cxd4 4. Nxd4 Nf6 5. Nc3 g6 6. Bg5 Bg7 7. Bd3 0-0 8. 0-0 Nc6 9. Nxc6 bxc6 10. Kh1 Rb8 11. Rb1 d5 12. e5 Ng4 13. Qf3 Nxe5 14. Qg3 Rb4 15. f4 Nxd3 16. Qxd3 Bf5 17. Qd2 Qc7 18. a3 Rbb8 19. Rg1 h5 20. b3 Rfe8 21. Ne2 Rbd8 22. Ng3 Be4 23. Rgf1 f5 24. Rbd1 c5 25. Qe2 Rd6 26. c4 e5 27. cxd5 Bxd5 28. fxe5 Bxe5 29. Bf4 Qe7 30. Rfe1 Bxf4 31. Qxe7 Rxe7 32. Rxe7 Bxg2+ 33. Kxg2 Rxd1 34. Rxa7 h4 35. Ra4 Rd2+ 36. Kh3 hxg3 37. Rxf4 gxh2 38. Rf1 Rd3+ 39. Kxh2 Rxb3 40. Rc1 Rxa3 41. Rxc5 Kf7 42. Kg2 Kf6 43. Rc2 g5 44. Rc6+ Ke5 45. Rc5+ Ke4 46. Rc4+ Kd5 47. Rc2 g4 48. Rf2 Ke4 49. Re2+ Re3 50. Rf2 f4 51. Kf1 f3 52. Rh2 g3 53. Rh3 g2+ 0-1

[Event "GER-chT Federal Cup (Women)"]
[Site "Braunfels"]
[Date "2014.06.19"]
[Round "1.5"]
[White "Reinkens, Natalia"]
[Black "Just, Anita"]
[Result "0-1"]
[WhiteElo "1692"]
[BlackElo "1849"]
[PlyCount "106"]
[EventDate "2014.06.19"]
[EventType "team-swiss"]
[EventRounds "5"]
[EventCountry "GER"]
[SourceTitle "EXT 2015"]
[Source "ChessBase"]
[SourceDate "2014.11.20"]
[SourceVersion "1"]
[SourceVersionDate "2014.11.20"]
[SourceQuality "1"]
[WhiteTeam "Hamburg (W)"]
[BlackTeam "Sachsen (W)"]
[WhiteTeamCountry "GER"]
[BlackTeamCountry "GER"]

1. e4 e6 2. d4 d5 3. Nc3 Bb4 4. exd5 Bxc3+ 5. bxc3 exd5 6. Bd3 Ne7 7. Qh5 Nbc6 8. Nf3 Be6 9. Ng5 Qd7 10. Rb1 0-0-0 11. Nxe6 Qxe6+ 12. Be2 Rde8 13. 0-0 g6 14. Qf3 Nf5 15. Bd3 Nd6 16. Bf4 Ne4 17. Rfe1 f5 18. Bb5 a6 19. Bxc6 Qxc6 20. Rb3 Nxc3 21. Be5 Nb5 22. Reb1 Rxe5 23. dxe5 Nd4 24. Qd3 Nxb3 25. Qxb3 Re8 26. f4 Re6 27. Rd1 Qc5+ 28. Kh1 Rb6 29. Qf3 Qc4 30. h3 Qxa2 31. Qxd5 Qxd5 32. Rxd5 Re6 33. g4 c6 34. Rd3 Kc7 35. Kg2 b5 36. Kf2 a5 37. Ke3 a4 38. Kd4 Kb6 39. gxf5 gxf5 40. Rg3 Re7 41. Rg5 a3 42. Kc3 Ra7 43. Rg1 c5 44. h4 Ra4 45. Rf1 Re4 46. Kb3 b4 47. h5 Kb5 48. h6 c4+ 49. Ka2 Re2 50. Kb1 b3 51. cxb3 cxb3 52. Rd1 Kc4 53. Rc1+ Kb4 0-1

[Event "GER-chT Federal Cup (Women)"]
[Site "Braunfels"]
[Date "2013.06.02"]
[Round "5.7"]
[White "Schardt, Madeleine"]
[Black "Reinkens, Natalia"]
[Result "1/2-1/2"]
[WhiteElo "1478"]
[BlackElo "1767"]
[PlyCount "41"]
[EventDate "2013.05.30"]
[EventType "team-swiss"]
[EventRounds "5"]
[EventCountry "GER"]
[SourceTitle "EXT 2014"]
[Source "ChessBase"]
[SourceDate "2013.11.20"]
[SourceVersion "1"]
[SourceVersionDate "2013.11.20"]
[SourceQuality "1"]
[WhiteTeam "Hessen (W) II"]
[BlackTeam "Hamburg (W)"]
[WhiteTeamCountry "GER"]
[BlackTeamCountry "GER"]

1. b3 Nf6 2. Bb2 d5 3. e3 e6 4. Nf3 Be7 5. Be2 0-0 6. 0-0 Nbd7 7. d3 c5 8. Nbd2 b6 9. c4 Bb7 10. d4 Rc8 11. Rc1 Bd6 12. dxc5 Nxc5 13. cxd5 Nxd5 14. Nc4 Bb8 15. Qd4 Nf6 16. Rfd1 Qc7 17. Qh4 Qe7 18. Be5 Bxe5 19. Ncxe5 Rfd8 20. Rxd8+ Rxd8 21. Nd4 1/2-1/2